| 000 | 00358cam a2200145 a 4500 | ||
|---|---|---|---|
| 020 | _a020718769X | ||
| 040 | _cCtY | ||
| 082 | _a994 ANG 1996 A104 Or. | ||
| 100 | 1 | _aHayden, Bill, | |
| 245 | 1 | 0 |
_aHayden : _ban autobiography / |
| 260 |
_aSydney : _bAngus & Robertson, _c1996. |
||
| 300 |
_axiv, 610 p. : _bill. ; _c24 cm. |
||
| 650 | 0 | _aStatesmen | |
| 942 | _cEK | ||
| 999 |
_c14429 _d14429 |
||